| 000 | 01116nam a2200253 a 4500 | ||
|---|---|---|---|
| 001 | 25249 | ||
| 003 | CO-ViMGA | ||
| 005 | 20230915232049.0 | ||
| 008 | 141112s2004 ck r 000 u spa d | ||
| 020 | _a8479787880 | ||
| 040 |
_aCO-ViMGA _bspa _cCO-ViMGA |
||
| 041 | _aspa | ||
| 082 | 0 | 4 | _a363.11 S15g |
| 100 | 1 |
_aSalas Nestares, Carmen de. _938479 |
|
| 245 | 1 | 0 |
_aGuía para auditorías del sistema de gestión de prevención de riesgos laborales : _b(auditoría legal, OHSAS 18001 y criterios OIT) / _cCarmen de Salas Nestares, Enrique Arriaga Álvarez, Enrique Pla Velarde. |
| 260 |
_aMadrid : _bDíaz de Santos : _bAEC, _c2006. |
||
| 300 | _a93 p. ; 24 cm. | ||
| 500 | _aActualizada con las modificaciones del Real Decreto 604/2006, de 19 de mayo. | ||
| 650 | 1 | 4 |
_aRiesgos laborales - Prevención. _938480 |
| 700 | 1 |
_aArriaga Alvarez, Enrique. _938481 |
|
| 942 |
_2ddc _cBK |
||
| 949 | _an n | ||
| 999 |
_c32875 _d32875 |
||